[Event "MP do lat 16 - dziewczeta"]
[Site "Sypniewo"]
[Date "2022.03.26"]
[Round "8.11"]
[White "Szczotka, Matylda"]
[Black "Skolska, Emilia"]
[Result "1/2-1/2"]
[BlackElo "1362"]
[WhiteElo "1479"]
[LiveChessVersion "1.4.8"]

1. e4 {[%clk 1:30:58]} e5 {[%clk 1:30:54]} 2. Nf3 {[%clk 1:31:22]} d6
{[%clk 1:31:16]} 3. Bc4 {[%clk 1:31:39]} Nc6 {[%clk 1:30:44]} 4. d3
{[%clk 1:30:41]} Bg4 {[%clk 1:29:52]} 5. c3 {[%clk 1:26:52]} Nf6 {[%clk 1:28:15]}
6. Nbd2 {[%clk 1:25:14]} Qd7 {[%clk 1:26:13]} 7. Nf1 {[%clk 1:22:07]} d5
{[%clk 1:20:40]} 8. exd5 {[%clk 1:18:04]} Nxd5 {[%clk 1:21:01]} 9. h3
{[%clk 1:09:28]} Bxf3 {[%clk 1:16:20]} 10. Qxf3 {[%clk 1:08:43]} O-O-O
{[%clk 1:16:31]} 11. Be3 {[%clk 1:05:04]} Na5 {[%clk 1:00:51]} 12. O-O-O
{[%clk 0:59:36]} Nxc3 {[%clk 0:51:55]} 13. Rd2 {[%clk 0:43:46]} Nd5
{[%clk 0:34:05]} 14. Bxa7 {[%clk 0:27:47]} Nf4 {[%clk 0:27:42]} 15. Be3 Nxc4
{[%clk 0:24:00]} 16. dxc4 {[%clk 0:17:21]} Nd3+ {[%clk 0:24:24]} 17. Kb1
{[%clk 0:16:42]} f5 {[%clk 0:23:00]} 18. Bg5 e4 {[%clk 0:21:47]} 19. Qe2
{[%clk 0:11:49]} Re8 {[%clk 0:20:36]} 20. g3 {[%clk 0:07:39]} h6 {[%clk 0:17:51]}
21. Be3 {[%clk 0:07:54]} g5 {[%clk 0:16:14]} 22. f3 {[%clk 0:05:33]} Qc6
{[%clk 0:13:36]} 23. fxe4 {[%clk 0:02:49]} fxe4 {[%clk 0:13:42]} 24. Bd4
{[%clk 0:01:42]} Qxc4 {[%clk 0:09:33]} 25. Qg4+ {[%clk 0:00:56]} Kb8
{[%clk 0:08:25]} 26. Bc3 Rh7 {[%clk 0:06:59]} 27. Ne3 {[%clk 0:01:04]} Qc5
{[%clk 0:05:52]} 28. Nf5 {[%clk 0:00:48]} Nf2 {[%clk 0:03:32]} 29. Qh5
{[%clk 0:00:48]} Rc8 {[%clk 0:03:03]} 30. Rf1 {[%clk 0:00:38]} Qxf5
{[%clk 0:02:32]} 31. Rdxf2 Qc5 {[%clk 0:01:55]} 32. Qg6 {[%clk 0:00:49]} Rd7
{[%clk 0:00:50]} 33. Qxe4 {[%clk 0:01:04]} Bd6 {[%clk 0:00:40]} 34. g4
{[%clk 0:01:15]} Bf4 {[%clk 0:00:50]} 35. Qf5 {[%clk 0:00:38]} Rd5
{[%clk 0:01:13]} 36. Qg6 {[%clk 0:00:37]} Rcd8 {[%clk 0:01:27]} 37. Qc2
{[%clk 0:00:46]} Qd6 {[%clk 0:00:54]} 38. a3 {[%clk 0:00:34]} Rd3
{[%clk 0:01:02]} 39. Rf3 {[%clk 0:00:36]} Qa6 40. Ka1 {[%clk 0:30:32]} R8d5
{[%clk 0:30:44]} 41. Bb4 {[%clk 0:23:30]} 1/2-1/2

[Event "MP do lat 16 - dziewczeta"]
[Site "Sypniewo"]
[Date "2022.03.26"]
[Round "8.12"]
[White "Giemza, Julia"]
[Black "Zybrant, Sandra"]
[Result "1/2-1/2"]
[BlackElo "1269"]
[WhiteElo "1512"]
[LiveChessVersion "1.4.8"]

1. e4 {[%clk 1:30:30]} c5 {[%clk 1:30:56]} 2. Nf3 {[%clk 1:31:23]} a6
{[%clk 1:31:22]} 3. Nc3 {[%clk 1:31:07]} b5 {[%clk 1:31:41]} 4. d3
{[%clk 1:30:50]} e6 {[%clk 1:32:00]} 5. g3 {[%clk 1:29:52]} Bb7 {[%clk 1:32:25]}
6. Bg2 {[%clk 1:29:25]} Be7 {[%clk 1:32:46]} 7. O-O {[%clk 1:29:14]} Nf6
{[%clk 1:32:54]} 8. Nh4 {[%clk 1:23:33]} d5 {[%clk 1:32:52]} 9. exd5
{[%clk 1:21:01]} Nxd5 {[%clk 1:32:22]} 10. Nf3 {[%clk 1:20:17]} Nxc3
{[%clk 1:24:59]} 11. bxc3 {[%clk 1:20:38]} Bf6 {[%clk 1:25:06]} 12. Bb2
{[%clk 1:16:32]} O-O {[%clk 1:23:55]} 13. Qd2 {[%clk 1:13:28]} Nd7
{[%clk 1:21:59]} 14. Rfb1 {[%clk 1:10:39]} Nb6 {[%clk 1:15:59]} 15. Re1
{[%clk 1:04:35]} Na4 {[%clk 1:14:45]} 16. Rab1 {[%clk 1:03:02]} b4
{[%clk 1:12:04]} 17. d4 {[%clk 0:58:49]} Nxb2 {[%clk 1:05:38]} 18. Rxb2
{[%clk 0:59:09]} bxc3 {[%clk 1:05:54]} 19. Qxc3 {[%clk 0:59:28]} cxd4
{[%clk 1:06:07]} 20. Qd3 {[%clk 0:58:54]} Bc6 {[%clk 1:06:01]} 21. Ng5
{[%clk 0:50:11]} Bxg5 {[%clk 1:04:13]} 22. Bxc6 {[%clk 0:50:33]} Qa5
{[%clk 0:51:37]} 23. Rd1 {[%clk 0:46:53]} Rad8 {[%clk 0:51:54]} 24. f4
{[%clk 0:43:06]} Be7 {[%clk 0:49:04]} 25. Bf3 {[%clk 0:41:53]} Rb8
{[%clk 0:46:05]} 26. Rdb1 {[%clk 0:36:46]} Rxb2 {[%clk 0:36:38]} 27. Rxb2
{[%clk 0:37:08]} Qc3 {[%clk 0:32:09]} 28. Qxc3 {[%clk 0:34:14]} dxc3
{[%clk 0:32:33]} 29. Rb3 {[%clk 0:34:02]} Rc8 {[%clk 0:31:25]} 30. Bb7
{[%clk 0:31:42]} Rb8 {[%clk 0:31:48]} 31. Bxa6 {[%clk 0:31:41]} Rxb3
{[%clk 0:30:04]} 32. axb3 {[%clk 0:31:38]} Kf8 {[%clk 0:30:25]} 33. Kf2
{[%clk 0:30:49]} Ke8 {[%clk 0:30:45]} 34. Ke2 {[%clk 0:30:36]} Kd7
{[%clk 0:30:15]} 35. Kd3 {[%clk 0:30:26]} Bc5 {[%clk 0:23:50]} 36. h3
{[%clk 0:28:13]} Bf2 {[%clk 0:23:05]} 37. g4 {[%clk 0:28:29]} Be1
{[%clk 0:23:08]} 38. Ke4 {[%clk 0:27:52]} Kd6 {[%clk 0:20:52]} 39. b4
{[%clk 0:26:57]} f6 {[%clk 0:14:44]} 40. Bc4 {[%clk 0:56:52]} Kc6
{[%clk 0:32:41]} 41. Bxe6 {[%clk 0:53:47]} Kb5 {[%clk 0:33:03]} 42. Kd5
{[%clk 0:52:50]} Bg3 {[%clk 0:32:45]} 43. Bd7+ {[%clk 0:51:07]} Kxb4
{[%clk 0:32:40]} 44. f5 {[%clk 0:48:19]} h5 {[%clk 0:25:04]} 45. Ke6
{[%clk 0:43:48]} hxg4 {[%clk 0:21:48]} 46. hxg4 {[%clk 0:44:00]} Bf4
{[%clk 0:22:07]} 1/2-1/2

[Event "MP do lat 16 - dziewczeta"]
[Site "Sypniewo"]
[Date "2022.03.26"]
[Round "8.13"]
[White "Gaczol, Julia"]
[Black "Gornisiewicz, Natalia"]
[Result "1-0"]
[BlackElo "1485"]
[WhiteElo "1462"]
[LiveChessVersion "1.4.8"]

1. e4 {[%clk 1:30:59]} e5 {[%clk 1:30:51]} 2. Nf3 {[%clk 1:31:11]} Nc6
{[%clk 1:31:13]} 3. d4 {[%clk 1:31:20]} exd4 {[%clk 1:31:27]} 4. Nxd4
{[%clk 1:31:22]} g6 {[%clk 1:31:44]} 5. Nc3 {[%clk 1:31:13]} Bg7 {[%clk 1:31:36]}
6. Be3 {[%clk 1:27:36]} Nf6 {[%clk 1:31:25]} 7. f3 {[%clk 1:27:43]} O-O
{[%clk 1:31:23]} 8. Qd2 {[%clk 1:27:47]} d5 {[%clk 1:29:27]} 9. Nxc6
{[%clk 1:18:18]} bxc6 {[%clk 1:29:40]} 10. O-O-O {[%clk 1:18:08]} a5
{[%clk 1:19:57]} 11. exd5 {[%clk 1:13:21]} Nxd5 {[%clk 1:19:19]} 12. Nxd5
{[%clk 1:09:53]} cxd5 {[%clk 1:19:31]} 13. Qxd5 {[%clk 1:06:51]} Rb8
{[%clk 1:17:18]} 14. b3 {[%clk 1:01:40]} Qf6 {[%clk 1:11:16]} 15. Qd4
{[%clk 0:33:03]} Qc6 {[%clk 0:42:17]} 16. Qc5 {[%clk 0:30:14]} Qf6
{[%clk 0:40:37]} 17. Bd4 {[%clk 0:26:35]} Qf4+ {[%clk 0:40:08]} 18. Kb2
{[%clk 0:25:16]} Re8 {[%clk 0:25:24]} 19. Bc4 {[%clk 0:14:45]} Bf8
{[%clk 0:21:17]} 20. Qc6 {[%clk 0:13:22]} Bb7 {[%clk 0:16:42]} 21. Qf6
{[%clk 0:13:15]} Qxf6 {[%clk 0:16:27]} 22. Bxf6 {[%clk 0:13:39]} Bc6
{[%clk 0:15:18]} 23. Rhe1 {[%clk 0:12:26]} a4 {[%clk 0:13:51]} 24. a3
{[%clk 0:12:16]} axb3 {[%clk 0:11:05]} 25. cxb3 {[%clk 0:12:25]} Bd6
{[%clk 0:10:26]} 26. h3 {[%clk 0:11:43]} Ra8 {[%clk 0:10:01]} 27. b4
{[%clk 0:07:25]} Reb8 {[%clk 0:08:27]} 28. Be7 {[%clk 0:06:32]} Bg3
{[%clk 0:07:23]} 29. Re3 {[%clk 0:05:31]} Ba4 {[%clk 0:06:24]} 30. Rdd3
{[%clk 0:04:52]} Bf2 {[%clk 0:04:52]} 31. Re2 {[%clk 0:04:59]} Bb6
{[%clk 0:04:18]} 32. Red2 {[%clk 0:04:20]} c5 {[%clk 0:04:05]} 33. Bd6
{[%clk 0:04:27]} Re8 {[%clk 0:03:09]} 34. Bxc5 {[%clk 0:04:28]} Bxc5
{[%clk 0:02:47]} 35. bxc5 {[%clk 0:04:48]} Rab8+ {[%clk 0:02:49]} 36. Bb3
{[%clk 0:03:59]} Rb5 {[%clk 0:02:02]} 37. Rc2 {[%clk 0:04:02]} Rc8
{[%clk 0:01:38]} 38. c6 {[%clk 0:03:37]} Rc7 {[%clk 0:01:14]} 39. Ka2
{[%clk 0:03:29]} Ra5 {[%clk 0:01:00]} 40. Bxa4 {[%clk 0:33:46]} Rxa4
{[%clk 0:31:24]} 41. Rd7 {[%clk 0:33:14]} Raa7 {[%clk 0:31:41]} 42. Rxc7
{[%clk 0:33:26]} Rxc7 {[%clk 0:32:04]} 43. Kb3 {[%clk 0:33:45]} Kf8
{[%clk 0:32:31]} 44. Kb4 {[%clk 0:34:09]} Ke7 {[%clk 0:32:57]} 45. Kc5
{[%clk 0:34:15]} Ra7 {[%clk 0:33:12]} 46. Rc3 {[%clk 0:34:14]} Kd8
{[%clk 0:33:28]} 47. Kb6 {[%clk 0:34:34]} Re7 {[%clk 0:33:13]} 48. Rd3+
{[%clk 0:34:08]} Kc8 {[%clk 0:33:34]} 49. Rd7 {[%clk 0:33:54]} Re3
{[%clk 0:33:49]} 50. a4 {[%clk 0:32:37]} Rb3+ {[%clk 0:34:07]} 51. Kc5
{[%clk 0:32:36]} Rc3+ {[%clk 0:34:28]} 52. Kb5 {[%clk 0:32:45]} Rb3+
{[%clk 0:34:24]} 53. Kc4 {[%clk 0:32:57]} Rb2 {[%clk 0:34:44]} 54. a5
{[%clk 0:28:50]} Rc2+ {[%clk 0:34:35]} 55. Kd5 {[%clk 0:28:34]} Ra2
{[%clk 0:33:03]} 56. Rxf7 {[%clk 0:28:18]} Rd2+ {[%clk 0:33:14]} 57. Ke6
{[%clk 0:26:40]} Rxg2 {[%clk 0:32:23]} 58. a6 {[%clk 0:26:39]} Kb8
{[%clk 0:31:58]} 59. a7+ {[%clk 0:26:46]} Ka8 {[%clk 0:32:14]} 60. c7
{[%clk 0:27:03]} 1-0

[Event "MP do lat 16 - dziewczeta"]
[Site "Sypniewo"]
[Date "2022.03.26"]
[Round "8.14"]
[White "Pastuszko, Katarzyna"]
[Black "Biniak, Zuzanna"]
[Result "1-0"]
[BlackElo "1257"]
[WhiteElo "1422"]
[LiveChessVersion "1.4.8"]

1. e4 {[%clk 1:30:58]} c5 {[%clk 1:30:56]} 2. Nf3 {[%clk 1:31:44]} d6
{[%clk 1:31:43]} 3. d4 {[%clk 1:31:59]} cxd4 {[%clk 1:32:07]} 4. Nxd4
{[%clk 1:32:21]} Nf6 {[%clk 1:32:11]} 5. Nc3 {[%clk 1:32:29]} g6 {[%clk 1:32:31]}
6. Be3 {[%clk 1:32:17]} Bg7 {[%clk 1:32:48]} 7. Be2 {[%clk 1:31:52]} Nc6
{[%clk 1:32:40]} 8. O-O {[%clk 1:30:49]} Bd7 {[%clk 1:32:32]} 9. Qd2
{[%clk 1:29:02]} h5 {[%clk 1:32:02]} 10. f4 {[%clk 1:25:00]} O-O {[%clk 1:23:38]}
11. Rae1 {[%clk 1:15:41]} a6 {[%clk 1:12:35]} 12. f5 {[%clk 1:07:07]} Kh7
{[%clk 1:04:11]} 13. fxg6+ {[%clk 0:55:43]} fxg6 {[%clk 1:04:31]} 14. Bc4
{[%clk 0:47:45]} Ne5 {[%clk 0:56:32]} 15. Bb3 {[%clk 0:41:29]} Qc8
{[%clk 0:52:00]} 16. Nd5 {[%clk 0:31:57]} Nxd5 {[%clk 0:48:26]} 17. Rxf8
{[%clk 0:28:33]} Bxf8 {[%clk 0:46:55]} 18. Bxd5 {[%clk 0:28:14]} Bg7
{[%clk 0:41:10]} 19. Rf1 {[%clk 0:18:08]} Nc4 {[%clk 0:33:04]} 20. Bxc4
{[%clk 0:12:42]} Qxc4 {[%clk 0:33:21]} 21. b3 {[%clk 0:11:23]} Qg8
{[%clk 0:30:59]} 22. Nf3 {[%clk 0:10:50]} Be8 {[%clk 0:14:22]} 23. Qf2
{[%clk 0:06:28]} Rc8 {[%clk 0:10:58]} 24. Ng5+ {[%clk 0:05:17]} Kh8
{[%clk 0:11:21]} 25. g4 {[%clk 0:04:31]} b5 {[%clk 0:05:12]} 26. Qg2
{[%clk 0:03:50]} Rc3 {[%clk 0:03:39]} 27. Qd2 {[%clk 0:03:29]} Rc6
{[%clk 0:03:25]} 28. Bd4 {[%clk 0:03:09]} Rc8 {[%clk 0:01:50]} 29. Bxg7+
{[%clk 0:02:47]} Qxg7 {[%clk 0:02:05]} 30. Ne6 {[%clk 0:02:58]} Qh7
{[%clk 0:00:39]} 31. Rf8+ {[%clk 0:03:15]} 1-0

[Event "MP do lat 16 - dziewczeta"]
[Site "Sypniewo"]
[Date "2022.03.26"]
[Round "8.15"]
[White "Romejko, Jagoda"]
[Black "Pietrzak, Emilia"]
[Result "1-0"]
[BlackElo "1474"]
[WhiteElo "1361"]
[LiveChessVersion "1.4.8"]

1. e4 {[%clk 1:30:57]} c5 {[%clk 1:30:55]} 2. Nf3 {[%clk 1:31:23]} e6
{[%clk 1:31:23]} 3. d4 {[%clk 1:31:48]} cxd4 {[%clk 1:31:50]} 4. Nxd4
{[%clk 1:32:13]} Nf6 {[%clk 1:32:17]} 5. Nc3 {[%clk 1:32:37]} d6 {[%clk 1:32:44]}
6. Be2 {[%clk 1:32:23]} a6 {[%clk 1:33:03]} 7. Be3 {[%clk 1:32:23]} Be7
{[%clk 1:33:17]} 8. O-O {[%clk 1:32:38]} O-O {[%clk 1:33:39]} 9. Kh1
{[%clk 1:32:22]} Nc6 {[%clk 1:33:28]} 10. a4 {[%clk 1:31:02]} e5 {[%clk 1:28:05]}
11. Nb3 {[%clk 1:27:17]} Be6 {[%clk 1:25:20]} 12. Qd2 {[%clk 1:21:43]} Ng4
{[%clk 1:20:09]} 13. Bxg4 {[%clk 1:19:08]} Bxg4 {[%clk 1:20:38]} 14. Nd5
{[%clk 1:18:19]} Qd7 {[%clk 1:15:35]} 15. Nb6 {[%clk 1:17:54]} Qe8
{[%clk 1:13:11]} 16. Nxa8 {[%clk 1:17:44]} Qxa8 {[%clk 1:13:38]} 17. f3
{[%clk 1:16:28]} Be6 {[%clk 1:13:32]} 18. Rad1 {[%clk 1:12:44]} Qc8
{[%clk 1:08:43]} 19. Nc1 {[%clk 0:51:33]} h6 {[%clk 1:03:42]} 20. Ne2
{[%clk 0:49:56]} f5 {[%clk 0:59:38]} 21. exf5 {[%clk 0:36:22]} Bxf5
{[%clk 0:59:09]} 22. Ng3 {[%clk 0:36:30]} Be6 {[%clk 0:57:55]} 23. f4
{[%clk 0:35:33]} Re8 {[%clk 0:48:57]} 24. fxe5 {[%clk 0:32:03]} Nxe5
{[%clk 0:47:45]} 25. Bd4 {[%clk 0:20:19]} Bg5 {[%clk 0:44:02]} 26. Qc3
{[%clk 0:18:17]} Qxc3 {[%clk 0:41:25]} 27. Bxc3 {[%clk 0:18:34]} Nc4
{[%clk 0:39:20]} 28. Rfe1 {[%clk 0:16:59]} Bd7 {[%clk 0:36:01]} 29. Rxe8+
{[%clk 0:16:20]} Bxe8 {[%clk 0:36:30]} 30. Ne4 {[%clk 0:15:41]} Bf4
{[%clk 0:35:47]} 31. Rf1 {[%clk 0:14:23]} Be5 {[%clk 0:34:02]} 32. Bxe5
{[%clk 0:14:05]} dxe5 {[%clk 0:33:43]} 33. b3 {[%clk 0:13:54]} Ne3
{[%clk 0:33:49]} 34. Rf2 {[%clk 0:13:29]} Bg6 {[%clk 0:32:16]} 35. Nc5
{[%clk 0:04:26]} Nxc2 {[%clk 0:27:44]} 36. Nxb7 {[%clk 0:03:47]} Nd4
{[%clk 0:26:32]} 37. Nc5 {[%clk 0:04:02]} e4 {[%clk 0:25:24]} 38. Nxe4
{[%clk 0:01:32]} Nxb3 {[%clk 0:24:42]} 39. Rf3 {[%clk 0:01:05]} Nd4
{[%clk 0:23:37]} 40. Re3 {[%clk 0:30:44]} Nc2 {[%clk 0:52:36]} 41. Re2
{[%clk 0:30:41]} Nd4 {[%clk 0:52:16]} 42. Rd2 {[%clk 0:30:35]} Nb3
{[%clk 0:48:14]} 43. Rb2 {[%clk 0:29:43]} Bf7 {[%clk 0:47:38]} 44. Nd6
{[%clk 0:28:17]} Bd5 {[%clk 0:43:18]} 45. Nc8 {[%clk 0:26:39]} Kh7
{[%clk 0:42:45]} 46. Nb6 {[%clk 0:26:01]} Bf7 {[%clk 0:38:33]} 47. Re2
{[%clk 0:23:34]} Bg6 {[%clk 0:33:41]} 48. Re7 {[%clk 0:22:58]} Nc5
{[%clk 0:32:00]} 49. Nd7 {[%clk 0:20:31]} Nxd7 {[%clk 0:28:58]} 50. Rxd7
{[%clk 0:20:59]} Bc2 {[%clk 0:28:23]} 51. Rd4 {[%clk 0:20:55]} h5
{[%clk 0:27:31]} 52. Kg1 {[%clk 0:21:14]} g6 {[%clk 0:26:57]} 53. Kf2
{[%clk 0:21:22]} Kh6 {[%clk 0:26:45]} 54. a5 {[%clk 0:18:30]} Bb3
{[%clk 0:26:19]} 55. Rd6 {[%clk 0:18:05]} Bc4 {[%clk 0:26:35]} 56. h4
{[%clk 0:15:17]} Bb5 {[%clk 0:20:35]} 57. Kg3 Bf1 58. Kf4 {[%clk 0:14:56]} Bb5
{[%clk 0:20:46]} 59. g3 {[%clk 0:15:18]} Bf1 {[%clk 0:20:57]} 60. Ke5 Bb5 61. Kf6
{[%clk 0:15:00]} Bc4 {[%clk 0:20:31]} 62. Rd8 {[%clk 0:15:08]} Kh7
{[%clk 0:20:24]} 63. Kg5 {[%clk 0:14:15]} Bg8 {[%clk 0:20:23]} 64. Rd7+
{[%clk 0:14:03]} Kh8 {[%clk 0:20:28]} 65. Rd6 {[%clk 0:14:22]} Bc4
{[%clk 0:20:34]} 66. Kxg6 1-0

[Event "MP do lat 16 - dziewczeta"]
[Site "Sypniewo"]
[Date "2022.03.26"]
[Round "8.16"]
[White "Olszewska, Wiktoria"]
[Black "Pudelko, Magdalena"]
[Result "1/2-1/2"]
[BlackElo "1407"]
[WhiteElo "1262"]
[LiveChessVersion "1.4.8"]

1. Nf3 {[%clk 1:30:54]} Nf6 {[%clk 1:30:39]} 2. g3 {[%clk 1:26:35]} e6
{[%clk 1:30:46]} 3. c4 {[%clk 1:24:04]} b6 {[%clk 1:29:31]} 4. Bg2
{[%clk 1:23:33]} Bb7 {[%clk 1:29:46]} 5. O-O {[%clk 1:22:03]} Be7
{[%clk 1:29:40]} 6. b3 {[%clk 1:17:32]} O-O {[%clk 1:28:42]} 7. Bb2
{[%clk 1:17:22]} c5 {[%clk 1:28:22]} 8. d3 {[%clk 1:11:10]} Qc7 {[%clk 1:25:51]}
9. Nc3 {[%clk 1:08:20]} a6 {[%clk 1:25:27]} 10. e4 {[%clk 1:04:25]} d5
{[%clk 1:23:19]} 11. Re1 {[%clk 1:00:25]} Rd8 {[%clk 1:19:12]} 12. Qe2
{[%clk 0:53:25]} d4 {[%clk 1:18:07]} 13. Nd1 {[%clk 0:48:33]} e5 {[%clk 1:15:45]}
14. Nh4 {[%clk 0:46:00]} g6 {[%clk 1:14:59]} 15. Bc1 {[%clk 0:42:43]} Bf8
{[%clk 1:14:35]} 16. f4 {[%clk 0:33:34]} Nc6 {[%clk 1:07:06]} 17. f5
{[%clk 0:27:52]} Bc8 {[%clk 1:04:49]} 18. Rf1 {[%clk 0:23:41]} Bg7
{[%clk 1:04:55]} 19. Bg5 {[%clk 0:23:21]} Rd6 {[%clk 1:03:00]} 20. Nf2
{[%clk 0:18:42]} Ra7 {[%clk 0:44:46]} 21. Ng4 {[%clk 0:16:21]} Nxg4
{[%clk 0:42:03]} 22. Qxg4 {[%clk 0:16:10]} f6 {[%clk 0:39:20]} 23. Bd2
{[%clk 0:15:33]} g5 {[%clk 0:39:36]} 24. Nf3 {[%clk 0:13:56]} Qf7
{[%clk 0:39:48]} 25. Ne1 {[%clk 0:12:57]} h5 {[%clk 0:33:37]} 26. Qe2
{[%clk 0:12:39]} Kf8 {[%clk 0:26:34]} 27. Bf3 {[%clk 0:11:50]} g4
{[%clk 0:26:48]} 28. Bg2 {[%clk 0:12:11]} Bd7 {[%clk 0:26:13]} 29. h3
{[%clk 0:10:29]} gxh3 {[%clk 0:25:16]} 30. Bxh3 {[%clk 0:10:55]} Ke7
{[%clk 0:25:12]} 31. Ng2 {[%clk 0:10:05]} Ra8 {[%clk 0:23:03]} 32. Nh4
{[%clk 0:10:06]} Rg8 {[%clk 0:23:17]} 33. Ng6+ {[%clk 0:09:37]} Kd8
{[%clk 0:23:29]} 34. Qxh5 {[%clk 0:08:42]} Rh8 {[%clk 0:23:48]} 35. Qg4
{[%clk 0:08:03]} Rxh3 {[%clk 0:24:01]} 36. Qxh3 {[%clk 0:07:26]} Qxg6
{[%clk 0:24:23]} 37. g4 {[%clk 0:06:50]} Qe8 {[%clk 0:19:51]} 38. Rf2
{[%clk 0:05:18]} Bc8 {[%clk 0:18:38]} 39. Rh2 {[%clk 0:03:49]} Rd7
{[%clk 0:15:03]} 40. g5 {[%clk 0:32:28]} fxg5 {[%clk 0:45:05]} 41. Bxg5+
{[%clk 0:32:19]} Kc7 {[%clk 0:45:27]} 42. Kf2 {[%clk 0:31:59]} Rf7
{[%clk 0:43:33]} 43. Rg1 {[%clk 0:30:14]} Ne7 {[%clk 0:35:37]} 44. Bxe7
{[%clk 0:24:26]} Qxe7 {[%clk 0:33:17]} 45. Rg6 {[%clk 0:22:52]} Bd7
{[%clk 0:26:30]} 46. Qg3 {[%clk 0:20:51]} Be8 {[%clk 0:20:34]} 47. Ke2
{[%clk 0:13:52]} Kb7 {[%clk 0:17:42]} 48. Re6 {[%clk 0:07:05]} Qd8
{[%clk 0:08:24]} 49. Qg6 {[%clk 0:04:08]} Bf6 {[%clk 0:03:11]} 50. Rh6
{[%clk 0:03:38]} Rf8 {[%clk 0:03:14]} 51. Rxe8 {[%clk 0:02:43]} Rxe8
{[%clk 0:02:12]} 52. Qxf6 {[%clk 0:03:02]} Qc7 {[%clk 0:02:21]} 53. Qg6
{[%clk 0:02:09]} Re7 {[%clk 0:02:18]} 54. f6 {[%clk 0:01:35]} Rf7
{[%clk 0:02:37]} 55. Qg5 {[%clk 0:01:45]} Qd6 {[%clk 0:02:26]} 56. Qg6
{[%clk 0:00:54]} Qc7 {[%clk 0:02:37]} 57. Qg5 {[%clk 0:00:53]} Qd6
{[%clk 0:03:01]} 58. Rg6 {[%clk 0:00:39]} Kc6 {[%clk 0:03:22]} 59. Qf5
{[%clk 0:00:45]} b5 {[%clk 0:02:27]} 60. Rg5 {[%clk 0:00:48]} Rxf6
{[%clk 0:02:14]} 61. Qxe5 {[%clk 0:01:09]} Qf8 {[%clk 0:00:33]} 62. Rf5
{[%clk 0:00:49]} Rxf5 {[%clk 0:00:56]} 63. Qxf5 {[%clk 0:01:14]} Qh6
{[%clk 0:01:18]} 64. Qf3 {[%clk 0:00:45]} Qh2+ {[%clk 0:01:06]} 65. Qf2
{[%clk 0:01:06]} Qh5+ {[%clk 0:01:31]} 66. Ke1 {[%clk 0:00:42]} Qh1+
{[%clk 0:01:55]} 67. Kd2 {[%clk 0:00:58]} Qh6+ {[%clk 0:02:22]} 68. Ke2
{[%clk 0:01:07]} Qh5+ {[%clk 0:02:41]} 69. Qf3 {[%clk 0:01:09]} Qh2+
{[%clk 0:02:59]} 70. Qf2 1/2-1/2

[Event "MP do lat 16 - dziewczeta"]
[Site "Sypniewo"]
[Date "2022.03.26"]
[Round "8.18"]
[White "Staniewicz, Adrianna"]
[Black "Boguszewska, Julia"]
[Result "1-0"]
[BlackElo "1034"]
[WhiteElo "1376"]
[LiveChessVersion "1.4.8"]

1. e4 {[%clk 1:30:57]} c6 {[%clk 1:30:57]} 2. d4 {[%clk 1:31:16]} d5
{[%clk 1:31:23]} 3. Nc3 {[%clk 1:31:36]} dxe4 {[%clk 1:31:14]} 4. Nxe4
{[%clk 1:31:56]} Bf5 {[%clk 1:31:40]} 5. Ng3 {[%clk 1:32:02]} Bg6
{[%clk 1:32:00]} 6. Nf3 {[%clk 1:31:30]} Nf6 {[%clk 1:31:19]} 7. h4
{[%clk 1:29:40]} h6 {[%clk 1:31:26]} 8. h5 {[%clk 1:29:54]} Bh7 {[%clk 1:31:50]}
9. Bd3 {[%clk 1:29:20]} Bxd3 {[%clk 1:31:58]} 10. Qxd3 {[%clk 1:29:25]} Qa5+
{[%clk 1:31:25]} 11. c3 {[%clk 1:28:13]} e6 {[%clk 1:29:19]} 12. Bf4
{[%clk 1:24:57]} Nbd7 {[%clk 1:25:06]} 13. b4 {[%clk 1:18:32]} Qb6
{[%clk 1:19:13]} 14. O-O {[%clk 1:07:18]} Be7 {[%clk 1:17:01]} 15. Rfe1
{[%clk 1:00:32]} Nd5 {[%clk 1:10:35]} 16. Bd2 {[%clk 0:54:50]} O-O
{[%clk 1:08:43]} 17. a3 {[%clk 0:49:14]} Qc7 {[%clk 1:05:40]} 18. c4
{[%clk 0:43:44]} N5f6 {[%clk 0:57:59]} 19. Ne5 {[%clk 0:36:34]} Bd6
{[%clk 0:41:48]} 20. Qe2 {[%clk 0:34:15]} b6 {[%clk 0:27:13]} 21. Bf4
{[%clk 0:25:14]} c5 {[%clk 0:19:11]} 22. dxc5 {[%clk 0:23:34]} bxc5
{[%clk 0:18:24]} 23. Nxd7 {[%clk 0:22:06]} Nxd7 {[%clk 0:18:01]} 24. Bxd6
{[%clk 0:22:17]} Qxd6 {[%clk 0:18:19]} 25. b5 {[%clk 0:21:47]} Nb6
{[%clk 0:14:32]} 26. Red1 {[%clk 0:20:58]} Qf4 {[%clk 0:13:45]} 27. Ne4
{[%clk 0:19:32]} Rfd8 {[%clk 0:09:12]} 28. g3 {[%clk 0:18:33]} Qe5
{[%clk 0:08:09]} 29. f4 {[%clk 0:17:13]} Qc7 {[%clk 0:07:16]} 30. Rac1
{[%clk 0:15:13]} e5 {[%clk 0:04:37]} 31. f5 {[%clk 0:13:40]} Rd4 {[%clk 0:04:10]}
32. f6 {[%clk 0:11:00]} Rad8 {[%clk 0:00:57]} 33. Rxd4 {[%clk 0:10:08]} exd4
{[%clk 0:01:00]} 34. Qg4 {[%clk 0:10:15]} Kf8 {[%clk 0:00:34]} 35. Qxg7+
{[%clk 0:07:57]} Ke8 {[%clk 0:00:46]} 36. Qg8+ {[%clk 0:08:07]} Kd7
{[%clk 0:00:47]} 37. Qxf7+ {[%clk 0:08:27]} Kc8 {[%clk 0:01:00]} 38. Qxc7+
{[%clk 0:08:42]} Kxc7 {[%clk 0:01:22]} 39. Nxc5 {[%clk 0:08:37]} Rd6 1-0